|
|
|
|
| LEADER |
01127cam a22003251a 4500 |
| 001 |
000041122 |
| 003 |
17418 |
| 005 |
20160419000000.0 |
| 008 |
160419s2010 000 rus |
| 041 |
|
|
|a rus
|
| 082 |
|
|
|a 491.783
|b Ер-B
|2 Nghe - Nói 3,4
|
| 100 |
|
|
|a Ермаченкова, В.С.
|
| 245 |
|
|
|a Слово
|c Ермаченкова, В.С.
|
| 260 |
|
|
|a Санкт-Петербург
|c 2010
|
| 300 |
|
|
|a 211tr. : mh ; 30cm
|
| 650 |
|
|
|a Слово, Nghe3, Nói 3, Nghe4, Nói 4 , Nghe - Nói 3, Nghe, Nói, Nghe - Nói 4.
|
| 852 |
|
|
|b Chuyên đề
|c Giáo trình
|
| OWN |
|
|
|a LNN
|
| AVA |
|
|
|a UDN50
|b LNN
|d 491.783 Ер-B
|e available
|t Error 5001 Not defined in file expand_doc_bib_avail.
|f 1
|g 0
|h N
|i 0
|k 1
|
| 999 |
|
|
|a From the UDN01
|
| AVA |
|
|
|a UDN50
|b LNN
|d 491.783 Ер-B
|e available
|t Error 5001 Not defined in file expand_doc_bib_avail.
|f 1
|g 0
|h N
|i 0
|k 1
|
| TYP |
|
|
|a Monograph
|
| TYP |
|
|
|a Printed language
|
| 980 |
|
|
|a Mạng thư viện Đại học Đà Nẵng
|